Tan Son Nhat Int. Airport (Ho Chi Minh City, Vietnam) - Map - Statistics

General Stats
  • This quiz has been taken 27 times
  • The average score is 53 of 91
Answers on the Map
Answers color-coded by a green-red scale on the quiz's map according to % correct below.
 
Answer Stats
Destinations % Correct
Moscow (Sheremetyevo)
96%
Delhi
92%
Dubai (International)
92%
Hanoi
92%
London (Heathrow)
92%
Paris (Charles de Gaulle)
92%
Bangkok (Don Mueang)
88%
Bangkok (Suvarnabhumi)
88%
Copenhagen
88%
Da Nang
88%
Doha
88%
Frankfurt
88%
Istanbul
88%
Los Angeles
88%
Manila
88%
Seoul (Incheon)
88%
Singapore
88%
Tokyo (Haneda)
88%
Tokyo (Narita)
88%
Beijing (Capital)
83%
Beijing (Daxing)
83%
Busan
83%
Hong Kong
83%
Jakarta (Soekarno-Hatta)
83%
Mumbai (Shivaji)
83%
Munich
83%
Osaka (Kansai)
83%
San Francisco
83%
Sydney
83%
Taipei (Taoyuan)
83%
Kuala Lumpur (International)
79%
Bengaluru
75%
Brisbane
75%
Chengdu (Tianfu)
75%
Chongqing
75%
Guangzhou
75%
Kolkata
75%
Melbourne
75%
Nagoya (Centrair)
75%
Perth
75%
Shanghai (Pudong)
75%
Ulaanbaatar
75%
Xi'an
75%
Yangon
75%
Cebu
71%
Denpasar
71%
Hyderabad
71%
Phuket
71%
Shenzhen
71%
Ashgabat
67%
Vientiane
67%
Wuhan
67%
Kunming
63%
Nanjing
63%
Phnom Penh
63%
Qingdao
63%
Ahmedabad
58%
Fukuoka
58%
Siem Reap
46%
Haikou
42%
Ha Long
42%
Kaohsiung
42%
Changsha
38%
Paro
38%
Da Lat
33%
Kochi
33%
Nanning
33%
Ningbo
33%
Phu Quoc
33%
Hai Phong
29%
Nha Trang
29%
Kota Kinabalu
25%
Taichung
25%
Vinh
25%
Hue
21%
Jinan
21%
Pakse
21%
Con Dao
17%
Dien Bien
17%
Pleiku
17%
Thanh Hoa
17%
Buon Ma Thuot
13%
Ca Mau
13%
Dong Hoi
13%
Quy Nhon
13%
Rach Gia
13%
Tuy Hoa
13%
Lijiang
4%
Xishuangbanna
4%
Zhangjiajie
4%
Chu Lai
0%
No matching quizzes found
Score Distribution
Percent of People with Each Score
Percentile by Number Answered
Your Score History
You have not taken this quiz